000 01402nam a22002777a 4500
005 20091214110710.0
008 091214t xxu||||| |||| 00| 0 eng d
010 _aB-380574-576
020 _a9780007244492
_c75.00
035 _aB-380574-576
037 _bUBH
040 _adpl
_bEnglish
082 _aS
100 _aTheobald, Joseph
245 _aArthur's fantastic party /
_cwritten and illustrated by Joseph Theobald
260 _aLondon
_bCollins
_c2007
270 _a77-85, Fulham Palace Road, Hammersmith
_bLondon
300 _a32p.:
_bcol. ill.
_c21cm(pbk)
490 _aCollins big cat read at home; edited by Cliff Moon
_vlevel 3 book d- explore reading
700 _aSchon, Nick
942 _2ddc
_cCH
_mTHE
_hS
999 _c32713
_d32713